Algae and their biotechnological potential : proceedings of the 4th Asia-Pacific conference on algal biotechnology, 3-6 July 2000 in Hong Kong (Record no. 365628)

MARC details
000 -LEADER
fixed length control field 00821nam a2200229Ia 4500
008 - FIXED-LENGTH DATA ELEMENTS--GENERAL INFORMATION
fixed length control field 191130s2001##################000#0#eng##
020 ## - INTERNATIONAL STANDARD BOOK NUMBER
ISBN 9781402001628
082 ## - DEWEY DECIMAL CLASSIFICATION NUMBER
Classification number 660.6 CHE
245 ## - TITLE STATEMENT
Title Algae and their biotechnological potential : proceedings of the 4th Asia-Pacific conference on algal biotechnology, 3-6 July 2000 in Hong Kong
Statement of responsibility, etc edited by Feng Chen and Yue Jiang
260 ## - PUBLICATION, DISTRIBUTION, ETC. (IMPRINT)
Place of publication Boston
Name of publisher Kluwer Academic Publishers
Year of publication 2001
300 ## - PHYSICAL DESCRIPTION
Number of Pages ix, 306 p. : ill., maps ; 25 cm
500 ## - GENERAL NOTE
General note Includes index
650 ## - SUBJECT ADDED ENTRY--TOPICAL TERM
Topical Term Algae - Biotechnology
700 ## - ADDED ENTRY--PERSONAL NAME
Personal name Chen, Feng
Personal name Jiang, Yue
710 ## - ADDED ENTRY--CORPORATE NAME
Corporate name or jurisdiction name as entry element Asia-Pacific Conference on Algal Biotechnology (4th : 2000 Hong Kong)
991 ## -
-- 257148
Holdings
Withdrawn status Lost status Damaged status Not for loan Home library Current library Shelving location Date acquired Full call number Accession Number Price effective from Koha item type
        Anna Centenary Library Anna Centenary Library 6TH FLOOR, B WING 17.10.2020 660.6 CHE 262870 17.10.2020 English Books

Find us on the map